Online
Catalog

La guerra / (Record no. 24738)

MARC details
000 -CABECERA
campo de control de longitud fija 00794nam a2200241 a 4500
001 - NÚMERO DE CONTROL
campo de control 000025245
005 - FECHA Y HORA DE LA ÚLTIMA TRANSACCIÓN
campo de control 20200930023645.0
008 - DATOS DE LONGITUD FIJA--INFORMACIÓN GENERAL
campo de control de longitud fija 110211s1971 sp r 000 0 spa d
040 ## - FUENTE DE LA CATALOGACIÓN
Centro catalogador/agencia de origen DO-SdBNP
Lengua de catalogación spa
Centro/agencia transcriptor BNPHU
041 17 - CÓDIGO DE LENGUA
Código de lengua del texto/banda sonora o título independiente spa
Código de lengua original eng
Fuente del código Código de idioma MARC
082 ## - NÚMERO DE LA CLASIFICACIÓN DECIMAL DEWEY
Número de clasificación NNN
Número de documento/Ítem B779g
049 ## - FONDOS LOCALES (OCLC)
Fondos de biblioteca BNGR
100 1# - ENTRADA PRINCIPAL--NOMBRE DE PERSONA
Nombre de persona Bouthoul, Gaston,
Fechas asociadas al nombre 1899-1980
9 (RLIN) 51737
240 10 - TÍTULO UNIFORME
Título uniforme La guerre.
Lenguaje de la obra Español.
245 10 - MENCIÓN DE TÍTULO
Título La guerra /
Mención de responsabilidad, etc. Gaston Bouthoul ; traducción de Johanna Givanel.
260 ## - PUBLICACIÓN, DISTRIBUCIÓN, ETC.
Lugar de publicación, distribución, etc. Barcelona, (España) :
Nombre del editor, distribuidor, etc. Oikos- tau,
Fecha de publicación, distribución, etc. 1971.
300 ## - DESCRIPCIÓN FÍSICA
Extensión 126, [1] p. ;
Dimensiones 18 cm.
490 1# - MENCIÓN DE SERIE
Mención de serie Qué sé?
Designación de volumen o secuencia 44
534 ## - NOTA SOBRE LA VERSIÓN ORIGINAL
Encabezamiento principal del original Título original:
Mención de título del original La guerre.
500 ## - NOTA GENERAL
Nota general Incluye refererncias bibliográficas al pie de las páginas
700 1# - PUNTO DE ACCESO ADICIONAL--NOMBRE DE PERSONA
Nombre de persona Givanel, Johanna
Término indicativo de función/relación tr
9 (RLIN) 51738
830 #0 - PUNTO DE ACCESO ADICIONAL DE SERIE-TÍTULO UNIFORME
Título uniforme Qué sé? ;
Designación de volumen o secuencia 44
9 (RLIN) 27270
Holdings
Estado de retiro Estado de pérdida Restricciones de uso No para préstamo Código de colección Localización permanente Ubicación/localización actual Ubicación en estantería Fecha de adquisición Número de inventario Total de préstamos Signatura topográfica completa Código de barras Fecha visto por última vez Precio válido a partir de Tipo de ítem Koha
        Monografías: Libros y Folletos General General En catalogación 11.02.2011 LF1   NNN B779g 25245-10 25.06.2020 25.06.2020 Préstamo en sala

Powered by Koha